| 000 | 00425nam a2200181Ia 4500 | ||
|---|---|---|---|
| 003 | GCL | ||
| 008 | 140319s9999 xx 000 0 eng d | ||
| 040 |
_aGCL / _cGCL |
||
| 082 | 0 | 4 |
_aCH _b823.087 _bB P |
| 100 | 1 | _aBARRIE, J.M | |
| 245 | 1 | 0 |
_aPETER PAN / _cBARRIE, J.M |
| 260 |
_a[S.N] : _bLADYBURD BOOKS |
||
| 300 | _a51 P P | ||
| 650 | 0 | 4 | _aCHILDREN |
| 650 | 0 | 4 | _aTALES |
| 650 | 0 | 4 | _aCHILDREN - STORIES |
| 942 |
_2ddc _cBK |
||
| 999 |
_c17853 _d17853 |
||